Statistics for FIFA 22 TOTW 29

Click here to take the quiz!

General Stats

  • This quiz has been taken 7 times
  • The average score is 12 of 23

Answer Stats

ClubPositionRatingAnswer% Correct
Inter MilanCB87Milan Skriniar
100%
Borussia MonchengladbachGK88Yann Sommer
100%
WolvesRWB83Jonny
86%
PSGLW93Neymar
86%
Man CityRW91Raheem Sterling
86%
GalatasarayGK84Fernando Muslera
71%
LA GalaxyST84Javier Hernandez
71%
BrentfordCM79Vitaly Janelt
71%
StrasbourgCB81Alexander Djiku
57%
NorwichCB81Grant Hanley
57%
AugsburgLB84Iago
57%
LevanteST84Jose Luis Morales
57%
Real BetisLM84Juanmi
57%
OGC NiceST86Andy Delort
43%
UdineseST80Beto
43%
RB LeipzigCM84Konrad Laimer
43%
GenkST84Paul Ebere Onuachu
43%
RomaCAM85Henrikh Mkhitaryan
29%
LazioRB84Manuel Lazzari
29%
MarseilleCM84Matteo Guendouzi
29%
BK HackenST75Alexander Jeremejeff
0%
KaiserslauternST76Terrence Boyd
0%
Lausanne-SportCAM74Zeki Amdouni
0%

Score Distribution

Percentile by Number Answered

Percent of People with Each Score

Your Score History

You have not taken this quiz